000
00341nam a2200145 4500
008
190524s1994||||xo d
100
1
_a
Hakim el Chalil
_9
1157
245
1
0
_a
Tajomstvo pyramĂd
250
_a
1. vydanie
260
_b
Eko konzult
_a
Bratislava
_c
1994
020
_c
0
041
1
_a
slo
044
_a
xo
_c
SK
958
_a
APR
999
_c
22461
_d
22461